Fight Club quotes Quiz Stats

 Plays Quiz not verified by Sporcle

Challenge
Share
Tweet
Embed
Score 0/20 Timer 10:00
0 Plays Today
Quote Answer % Correct
Fight Club was the beginning, now it's moved out of the basement, it's called _______________.Project Mayhem
84.9%
You hit me in the _____!ear
82.7%
The first rule of Fight Club is: ___________________________.you do not talk about Fight Club
82.2%
This is Bob. Bob has _____________.bitch tits
80.7%
My God. I haven't been **** like that since ____________. grade school
76.6%
We cook your meals, we haul your trash, we connect your calls, we drive your ambulances. We guard you while you sleep. Do not... ___________.**** with us
75.1%
Now, a question of etiquette - as I pass, do I give you the ass _____________?or the crotch
73.8%
A _______ is the glass slipper of our generationcondom
65.7%
The things you own _________________.end up owning you
65.1%
It's cheaper than a movie, and there's _____________.free coffee
58%
Quote Answer % Correct
Tyler was now involved in a class action lawsuit against the Pressman Hotel over the ____________ of their soup.urine content
52.8%
Listen, you can run water over your hand and make it worse or you can use vinegar and ___________________. neutralize the burn
51.6%
On a long enough timeline, the _____________ for everyone drops to zero.survival rate
51.2%
The teenager's braces are still wrapped around the backseat ashtray. Might make a good ______________.anti-smoking ad
49.9%
Go ahead, _________, you can cry.Cornelius
48.4%
First person that comes out this **** door gets a... gets a _______________, you understand?lead salad
46.6%
I am Jack's complete ________________.lack of surprise
44.3%
WHOA! WHOA! WHOA! Ok, you are now firing a gun at your imaginary friend near 400 gallons of _____________!nitroglycerin
36.4%
Chloe looked the way ___________________ would look if you made it smile and walk around the party being extra nice to everybody. Meryl Streep's skeleton
28.4%
Tomorrow will be the _______________ day of Raymond K. Hessel's life.most beautiful
27.2%

You're not logged in!

Compare scores with friends on all Sporcle quizzes.
Join for Free
OR
Log In

You Might Also Like...

Show Comments

Extras

Top Quizzes Today


Score Distribution

Your Account Isn't Verified!

In order to create a playlist on Sporcle, you need to verify the email address you used during registration. Go to your Sporcle Settings to finish the process.

Report this User

Report this user for behavior that violates our Community Guidelines.

Details: